Common auction conditions (Record no. 109924)

MARC details
000 -LEADER
fixed length control field 01448cam a22002655a 4500
001 - CONTROL NUMBER
control field E148165
008 - FIXED-LENGTH DATA ELEMENTS--GENERAL INFORMATION
fixed length control field 090810s2009 xxk f 000 0 eng u
020 ## - INTERNATIONAL STANDARD BOOK NUMBER
International Standard Book Number 9781842195291
035 ## - SYSTEM CONTROL NUMBER
System control number (Sirsi) u148165
041 0# - LANGUAGE CODE
Language code of text/sound track or separate title eng
050 04 - LIBRARY OF CONGRESS CALL NUMBER
Classification number 380.1 $2 18
110 2# - MAIN ENTRY--CORPORATE NAME
Corporate name or jurisdiction name as entry element Royal Institution of Chartered Surveyors
Subordinate unit Real Estate Auction Group
9 (RLIN) 4349
245 ## - TITLE STATEMENT
Title Common auction conditions
Remainder of title for auctions of real estate in England and Wales
Medium [electronic resource]
250 ## - EDITION STATEMENT
Edition statement 3rd ed.
260 ## - PUBLICATION, DISTRIBUTION, ETC.
Place of publication, distribution, etc. London
Name of publisher, distributor, etc. RICS
Date of publication, distribution, etc. 2009
505 0# - FORMATTED CONTENTS NOTE
Formatted contents note Introduction -- Glossary -- Auction conduct conditions -- General conditions of sale -- Special conditions of sale
520 ## - SUMMARY, ETC.
Summary, etc. An updated edition of the Common Auction Conditions, written in response to feedback and suggestions received since 2005, and the widespread consultation process conducted over the last six months. The conditions have been produced for real estate auctions in England and Wales in the hope that they will be adopted by most auction houses and set a common standard across the industry.
520 ## - SUMMARY, ETC.
Summary, etc. Supersedes second edition (ISBN 1842192388).
590 ## - LOCAL NOTE (RLIN)
Local note KA
650 24 - SUBJECT ADDED ENTRY--TOPICAL TERM
Topical term or geographic name entry element RICS COMMON AUCTION CONDITIONS FOR AUCTIONS OF REAL ESTATE IN ENGLAND AND WALES
651 #4 - SUBJECT ADDED ENTRY--GEOGRAPHIC NAME
Geographic name England and Wales
Chronological subdivision 1543-
690 ## - LOCAL SUBJECT ADDED ENTRY--TOPICAL TERM (OCLC, RLIN)
Topical term or geographic name as entry element Auctioneering
9 (RLIN) 6218
856 40 - ELECTRONIC LOCATION AND ACCESS
Uniform Resource Identifier <a href="https://www.rics.org/site/scripts/download_info.aspx?downloadID=3314">https://www.rics.org/site/scripts/download_info.aspx?downloadID=3314</a>
Public note View the conditions free of charge at www.rics.org...
942 ## - ADDED ENTRY ELEMENTS (KOHA)
Suppress in OPAC 0
Holdings
Withdrawn status Lost status Source of classification or shelving scheme Damaged status Not for loan Home library Current library Shelving location Date acquired Total Checkouts Full call number Barcode Date last seen Copy number Price effective from Koha item type
    Dewey Decimal Classification     Virtual Virtual Online 10/08/2009   ONLINE PUBLICATION 148165-2001 06/08/2019 1 06/08/2019 Book